000 00721nam a2200289Ia 4500
005 20260324134508.0
008 008 260324s9999 xx 000 0 eng d
020 _a9781315073330
037 _aEBOOK
040 _aCRL
040 _beng
040 _cCRL
041 _2eng
041 _aeng
084 _qCRL
100 _aW. G. Beasley
_91197025
245 0 _aCollected Writings of W. G. Beasley
245 4 _bThe Collected Writings of Modern Western Scholars of Japan Volume 5
260 _bTaylor and Francis
260 _c2001
365 _a
365 _b130
856 _uhttp://www.taylorfrancis.com/books/9781315073330
942 _cEBOOK
999 _c1797194
_d1797194